The ends of Pedagogy: From the Dialectic of Memory to the Deconstruction of the Institution (Record no. 512992)
[ view plain ]
| 000 -CABECERA | |
|---|---|
| Campo de control de longitud fija | 00499nab a2200145Ia 4500 |
| 003 - IDENTIFICADOR DEL NÚMERO DE CONTROL | |
| Campo de control | ES-SlBCS |
| 005 - FECHA Y HORA DE LA ÚLTIMA TRANSACCIÓN | |
| Campo de control | 20210601124327.0 |
| 008 - CÓDIGOS DE INFORMACIÓN DE LONGITUD FIJA | |
| Campo de control de longitud fija | 140529s1996 xxu||||| |||| 00| 0 eng d |
| 041 ## - CÓDIGO DE LENGUA | |
| Código de lengua del texto/banda sonora o título independiente | eng |
| 100 1# - PUNTO DE ACCESO PRINCIPAL-NOMBRE DE PERSONA | |
| Nombre de persona | Trifonas, Peter |
| 9 (RLIN) | 139810 |
| 245 04 - MENCIÓN DE TÍTULO | |
| Título | The ends of Pedagogy: From the Dialectic of Memory to the Deconstruction of the Institution |
| Mención de responsabilidad, etc. | Peter Trifonas |
| 600 1# - PUNTO DE ACCESO ADICIONAL DE MATERIA-NOMBRE DE PERSONA | |
| Nombre personal | Pedagogía-Derrida, Jacques |
| 9 (RLIN) | 139811 |
| 773 0# - ENLACE AL DOCUMENTO FUENTE | |
| Título | Educational Theory |
| Parte(s) relacionada(s) | vol. 46, nº. 3, 1996, págs. 303-333 |
| Número de control del registro relacionado | Rev1399 |
| 942 ## - ENTRADA DE ELEMENTOS AGREGADOS (KOHA) | |
| Koha [por defecto] tipo de item | Artículos de revista |
| Suprimido | Perdido | Estropeado | No para préstamo | Localización permanente | Localización actual | Localización en estantería | Fecha adquisición | Préstamos totales | Fecha última consulta | Fecha del precio de reemplazo | Tipo de item de Koha |
|---|---|---|---|---|---|---|---|---|---|---|---|
| San Esteban | San Esteban | Depósito de revistas | 11/07/2014 | 11/07/2014 | 11/07/2014 | Artículos de revista |
